000 00311nam a22001337a 4500
008 180918b xxu||||| |||| 00| 0 eng d
020 _a9780781789486
041 _aeng
080 _26 ed
_a610
100 _a6
101 _aANE
245 _aHandbook Clinical Anesthesia
_cBarash,.P.G
942 _2udc
_cBK
999 _c47923
_d47923